Statistics for NBA most playoff triple-doubles

Click here to take the quiz!

General Stats

  • This quiz has been taken 20 times
  • The average score is 10 of 16

Answer Stats

#Answer% Correct
28LeBron James
100%
10Russell Westbrook
100%
30Magic Johnson
95%
8Oscar Robertson
90%
11Jason Kidd
85%
4Scottie Pippen
85%
9Wilt Chamberlain
85%
10Larry Bird
65%
4Tim Duncan
60%
10Draymond Green
55%
5Nikola Jokic
45%
4Charles Barkley
40%
10Rajon Rondo
40%
4Elgin Baylor
30%
5John Havlicek
25%
4Walt Frazier
5%

Score Distribution

Percentile by Number Answered

Percent of People with Each Score

Your Score History

You have not taken this quiz